| 000 | 00785nam a2200181Ia 4500 | ||
|---|---|---|---|
| 008 | 151202s9999||||xx |||||||||||||| ||und|| | ||
| 082 | _bPNVM-79228 | ||
| 100 | _aवैद्य ब.ल. | ||
| 245 | _aआरोग्यासाठी योगासने | ||
| 260 | _b" मॅजेस्टिक पब्लिशिंग हाऊस,न्यू गर्ल्स स्कूलसमोर,राम मारुती रोड, ठाणे - प. 400602,फोन- 022-24452065" | ||
| 260 | _c1979 | ||
| 300 | _a124 | ||
| 600 | _aवैद्य ब.ल. | ||
| 630 | _aआरोग्यासाठी योगासने | ||
| 700 | _aवैद्य ब.ल. | ||
| 730 | _aआरोग्यासाठी योगासने | ||
| 942 | _cBOOK | ||
| 999 |
_c1343887 _d1343884 |
||